Statistiques concernant Etats des USA bordant l'océan Atlantique

Cliquez ici pour prendre le quiz!

Statistiques générales

  • Ce quiz a été pris 105 fois
  • Le résultat moyen est 14 sur 18

Statistiques - réponses

Etats% Correct
Floride
96%
Caroline du Nord
95%
Caroline du Sud
95%
New York
95%
Maine
85%
New Jersey
82%
Virginie
81%
Delaware
80%
Rhode Island
80%
Géorgie
77%
Massachusetts
77%
Maryland
75%
Connecticut
74%
New Hampshire
74%
Louisiane
73%
Alabama
71%
Texas
64%
Mississippi
62%

Distribution des résultats

Percentile par nombre de réponses

% des personnes avec chaque résultat

Votre développement - résultats

Vous n’avez pas pris ce quiz